Europäische Maler und Bildhauer - Bildquiz - Statistiken

Allgemein
  • Dieses Quiz wurde 1.943 mal gespielt
  • Das Durchschnittsergebnis liegt bei 8 aus 16
Antwortstatistiken
Bildquiz Hint Antwort % Korrekt
Italien /
1452-1519 /
Mona Lisa,
Das letzte Abendmahl,
Dame mit dem Hermelin
Leonardo da Vinci
97%
Niederlande /
1853-1890 /
Sternennacht,
Sonnenblumen,
Das weiße Haus bei Nacht
Vincent van Gogh
89%
Spanien /
1881-1973 /
Guernica,
Les Demoiselles d’Avignon,
La Vie
Pablo Picasso
84%
Spanien /
1904-1989 /
Die Beständigkeit der Erinnerung,
Traum, verursacht durch den Flug einer Biene um einen Granatapfel, eine Sekunde vor dem Aufwachen,
Der Thunfischfang
Salvador Dalí
73%
Italien /
1475-1564 /
David,
Die Erschaffung Adams,
Kentaurenschlacht
Michelangelo
67%
Niederlande /
1606-1669 /
Die Nachtwache,
Die Anatomie des Dr. Tulp,
Die Blendung Simsons
Rembrandt van Rijn
67%
Norwegen /
1863-1944 /
Der Schrei,
Melancholie,
Der Tod im Krankenzimmer
Edvard Munch
62%
Deutschland /
1471-1528 /
Feldhase,
Rhinocerus,
Adam und Eva
Albrecht Dürer
58%
Frankreich /
1840-1926 /
Impression Sonnenaufgang,
Kathedrale von Rouen, Wasserlilien
Claude Monet
57%
Österreich /
1862-1918 /
Der Kuss,
Danaë,
Adele Bloch-Bauer I
Gustav Klimt
41%
Frankreich /
1840-1917 /
Der Denker,
Die Bürger von Calais,
Das Höllentor
Auguste Rodin
25%
Russland /
1866-1944 /
Komposition 8,
Das bunte Leben,
Auf Weiß II
Wassily Kandinsky
25%
Schweiz /
1879-1940 /
Senecio,
Katze und Vogel,
Hauptweg und Nebenwege
Paul Klee
16%
Belarus, Frankreich /
1887-1985 /
Ich und das Dorf,
Selbstbildnis mit sieben Fingern,
Bella mit weißem Kragen
Marc Chagall
14%
Belgien /
um 1390-1441 /
Arnolfini-Hochzeit,
Genter Altar,
Madonna in der Kirche
Jan van Eyck
12%
Griechenland /
um 480-430 v.Chr. /
Zeusstatue in Olympia,
Athena Parthenos,
Athena Lemnia
Phidias
9%
Keine übereinstimmenden Quizze gefunden
Verteilung der Resultate
Anzahl Personen mit jedem Resultat
Perzentil nach korrekt beantworteten Fragen
Ihre Resultats-Entwicklung
Sie haben dieses Quiz noch nicht gespielt